000 00741nam a2200253Ia 4500
003 OSt
005 20220918184116.0
006 a|||||r|||| 00| 0
007 ta
008 220917b |||||||| |||| 00| 0 eng d
024 _a44,555
037 _cTextual
040 _aARTS
_cARTS
_beng
041 _2eng
_aeng
082 _aO164,1G08:g(Y:1.2), M1 (EPE)
100 _aNath R
_94307
245 0 _aIndia as seen by Amir Khusrau
260 _aJaipur
_bHistory Research Documentation Programme
_c1981
300 _axii,142p.
_ccm.
650 _aENGLISH LITERATURE
700 _a Gwaliari Faiyaz
_964587
942 _hO164,1G08:g(Y:1.2), M1 (EPE)
_cTEXL
_2CC
999 _c175188
_d175188